Reformas procesales en América Latina: la oralidad en los procesos
Đã lưu trong:
| Những tác giả chính: | , , , , , |
|---|---|
| Định dạng: | Sách |
| Ngôn ngữ: | Tiếng Tây Ban Nha |
| Được phát hành: |
Santiago
CPU
1993
|
| Loạt: | Proyecto de Capacitación, Gestión y Política Judicial
|
| Những chủ đề: | |
| Các nhãn: |
Thêm thẻ
Không có thẻ, Là người đầu tiên thẻ bản ghi này!
|
MARC
| LEADER | 00000nam a2200000 a 4500 | ||
|---|---|---|---|
| 001 | UCL4935 | ||
| 003 | CL-VaPUC | ||
| 005 | 20220831074515.0 | ||
| 008 | 040227e19930000cl 1 spa d | ||
| 082 | 0 | 4 | |a 345.8 |b MAI |2 21 |
| 100 | |a Maier, Julio Bernardo José |e autor |9 620505 | ||
| 700 | 1 | |a Tavolari Oliveros, Raúl |e author |9 520639 | |
| 700 | 1 | |a Davis, William |e author |9 620506 | |
| 700 | 1 | |a Riego Ramírez, Cristián |e author |9 620507 | |
| 700 | 1 | |a Binder, Alberto M |e author |9 620508 | |
| 700 | 1 | |a Arguedas, Olman |e author |9 620509 | |
| 245 | 1 | 0 | |a Reformas procesales en América Latina: la oralidad en los procesos |
| 260 | |a Santiago |b CPU |c 1993 | ||
| 300 | |a 298 p | ||
| 490 | 0 | |a Proyecto de Capacitación, Gestión y Política Judicial | |
| 583 | |a last modification |c 20190822 04:06:52 |k Rodrigo Vera | ||
| 650 | 0 | 0 | |a Reforma procesal penal |9 471095 |
| 650 | 0 | 0 | |a Tribunales |9 254872 |
| 650 | 0 | 7 | |a DERECHO PENAL |2 CL-VaPUC |9 11 |
| 650 | 0 | 0 | |a Derecho comparado |9 255664 |
| 942 | |c BK | ||
| 945 | |a cmena |d 20040227 00:00:00 | ||
| 546 | |a En Español | ||
| 536 | |a Universidad de Valparaíso | ||
| 536 | |a Universidad Diego Portales | ||
| 518 | |p Seminario Internacional Reformas Procesales en América Latina y su Impacto en la Modernización de la Gestión de los Tribunales: la Oralidad en los Procesos, 1, Viña del Mar, octubre de 1992 | ||
| 999 | |c 383985 |d 383983 | ||
| 952 | |0 0 |1 0 |4 0 |6 345_800000000000000_MAI_1993 |7 0 |8 A |9 506337 |a BIBDER |b BIBDER |d 2020-01-23 |i 3975622 |o 345.8 MAI 1993 |p 3975622 |r 2023-01-25 |w 2020-01-23 |y BK |k DER | ||